La Bastille sous la Régence / (Record no. 42512)

MARC details
000 -LEADER
campo de control de longitud fija 00633nam a2200181 i 4500
001 - NÚMERO DE CONTROL
campo de control 42512
003 - IDENTIFICADOR DE NÚMERO DE CONTROL
campo de control ES-MaACL
005 - FECHA Y HORA DE LA ÚLTIMA TRANSACCIÓN
campo de control 20251015063055.0
007 - CAMPO FIJO DE DESCRIPCIÓN FÍSICA--INFORMACIÓN GENERAL
campo de control de longitud fija t|
008 - DATOS DE LONGITUD FIJA--INFORMACIÓN GENERAL
campo de control de longitud fija 030403q19001999sp ||||1| spa d
100 0# - ENTRADA PRINCIPAL--NOMBRE DE PERSONA
Nombre de persona Staal de Launay, Marguerite Jeanne Cordier,
Títulos y otros términos asociados al nombre baronne de
9 (RLIN) 107832
245 13 - MENCIÓN DEL TÍTULO
Título La Bastille sous la Régence /
Mención de responsabilidad, etc. mémoires de Mme de Staal de Launay ; publies avec une introduction par F. Funck-Brentano.
260 ## - PUBLICACIÓN, DISTRIBUCIÓN, ETC.
Lugar de publicación, distribución, etc. Paris :
Nombre del editor, distribuidor, etc. A. Fayard,
Fecha de publicación, distribución, etc. [19--]
300 ## - DESCRIPCIÓN FÍSICA
Extensión 170 p. :
Otras características físicas il. ;
Dimensiones 24 cm.
700 1# - ENTRADA AGREGADA--NOMBRE PERSONAL
Nombre de persona Funck-Brentano, Frantz (
Fechas asociadas al nombre 1862-1947)
9 (RLIN) 53022
852 ## - LOCALIZACIÓN
Ubicación ES-MaACL
Número de control de estantería C-1113
Holdings
Estatus retirado Estado de pérdida Estado de daño No para préstamo Colección Biblioteca de origen Biblioteca actual Ubicación en estantería Fecha de adquisición Fuente de adquisición Total de préstamos Signatura topográfica completa Código de barras Visto por última vez Precio de reemplazo Tipo de ítem Koha
        Libros del s. XIX Biblioteca del Ateneo de Madrid Biblioteca del Ateneo de Madrid Sala Palomar 17/01/2008     C-1113 1044752 23/02/2023 23/02/2023 Libro impreso antiguo